| 000 | 00814nam a2200265 i 4500 | ||
|---|---|---|---|
| 001 | 11992 | ||
| 003 | ES-MaACL | ||
| 005 | 20251012175119.0 | ||
| 007 | t| | ||
| 008 | 951116s1994 sp a |||| | spa d | ||
| 020 | _a84-8012-084-3 | ||
| 080 | _a726.6(460.181 L.) | ||
| 080 | _a726.591.3(460.181 L.) | ||
| 100 | 1 |
_aGómez Rascón, Máximo. _958123 |
|
| 245 | 1 | 3 |
_aEl coro de la Catedral de León / _ctexto, Máximo Gómez Rascón ; fotos, Norberto Cabezas. |
| 250 | _a1ª ed. | ||
| 260 |
_aLeón : _bEdilesa, _c1994. |
||
| 300 |
_a191 p : _bil. col. ; _c35 cm. |
||
| 504 | _aBibliografía: p. 191. | ||
| 610 | 2 | 7 |
_aCatedral de León. _92516 |
| 650 | 1 | 4 |
_aSillerías de coro- _zLeón. _917099 |
| 700 | 1 |
_aCabezas Quintanilla, Norberto _9151157 |
|
| 852 |
_aES-MaACL _jL-19273 |
||
| 999 |
_c11992 _d11992 |
||